000
00459nam a2200157Ia 4500
008
090123s9999 xx 000 0 und d
082
_b
29468
245
_a
कोण कसा जगतो
250
_a
1
260
_b
मराठे पब्लिशिंग हाऊस
300
_a
16
630
_a
कोण कसा जगतो
700
_a
हवालदार अनिल
730
_a
कोण कसा जगतो
942
_c
BOOK
999
_c
68314
_d
68314